000 00290nam a2200109Ia 4500
008 200302s9999 xx 000 0 und d
100 _aCharanjit S. Shah
245 _aArchitectural Handbooks Series Bathrooms
260 _bC B S Publishers & Distributors
260 _c2002
300 _a120 P.,
999 _c2030
_d2030